| 000 | 00861nam0a22002531 4500 | ||
|---|---|---|---|
| 001 | rc\781209 | ||
| 005 | 20250622131406.0 | ||
| 035 | _a(NLR Aleph) 006307107 | ||
| 090 |
_a7312491 _c7312491 |
||
| 100 | _a20040301d1984 |||y0rusy50 ca | ||
| 101 | 0 | _arus | |
| 102 | _aRU | ||
| 105 | _aa ||||||||| | ||
| 200 | 1 | _aЧтобы сердце не болело | |
| 210 |
_aСвердловск _cСред.-Урал. кн. изд-во _d1984 |
||
| 215 |
_a78 с., 4 л. ил. _d20 |
||
| 300 | _aНа 4-й с. обл. авт.: С.С. Барац, проф., д. м. н., А.Н. Андреев, к. м. н. | ||
| 700 | 1 |
_aБарац _bС.С. _gСоломон Самойлович |
|
| 701 | 1 |
_aАндреев _bА.Н. _gАркадий Николаевич |
|
| 801 | 0 |
_aRU _bNLR _gpsbo |
|
| 801 | 1 |
_aRU _bELAR _2rusmarc |
|
| 852 |
_aNLR _j85-4/5417 |
||
| 942 | _cBOOK | ||
| 980 | _aNB | ||